| 000 | 00713nam a2200169 4500 | ||
|---|---|---|---|
| 999 |
_c17077 _d17077 |
||
| 008 | 220602b ||||| |||| 00| 0 eng d | ||
| 022 | _a0732-8435 | ||
| 082 | _aDPer 657.05 C33 Sept - Dec 2012, v. 82 n. 9 - 12 | ||
| 100 |
_aMastracchio, Nicholas J., Jr. _945389 |
||
| 245 |
_aMultiple auditing standards intensify the dilemma of what to teach: _bdiverging guidance presents challenges for educators/ _cNicholas J. Mastracchio, Jr. and Heather M. Lively. |
||
| 260 |
_aNew York: _bThe New York State Society of CPA, _c©2012. |
||
| 300 |
_av82 n10, pages 66-67; _b _c28 cm. |
||
| 500 | _aThe CPA Journal. | ||
| 650 |
_aAuditing _xStandards. _943646 |
||
| 700 |
_aLively, H. M. _eAuthor. _945390 |
||
| 942 |
_2ddc _cPER |
||